LEADER 01082nam0-2200349-i-450 001 990009834950403321 005 20170516135949.0 035 $a000983495 035 $aFED01000983495 035 $a(Aleph)000983495FED01 035 $a000983495 100 $a20140310d1978----km-y0itay50------ba 101 1 $aita$clat 102 $aIT 105 $ay-------001cy 200 1 $aEtica$edimostrata secondo l'ordine geometrico$fBento de Spinoza$gtraduzione di Sossio Giametta 210 $aTorino$cBoringhieri$d1978 215 $a330 p$d20 cm 225 1 $aEnciclopedia di autori classici$iNuova serie 500 10$aEthica ordine geometrico demonstrata$917667 610 0 $aSpinoza, Benedictus : de$aPensiero etico 676 $a199.492$v22$zita 676 $a170$v22$zita 700 1$aSpinoza,$bBenedictus de$f<1632-1677>$0290685 702 1$aGuzzo,$bAugusto 801 0$aIT$bUNINA$gRICA$2UNIMARC 901 $aBK 912 $a990009834950403321 952 $aDIC SPI 1$fBFS$b364 959 $aBFS 996 $aEthica ordine geometrico demonstrata$917667 997 $aUNINA LEADER 01284nam--2200349---450 001 990006118630203316 005 20220318115146.0 010 $a978-88-230-1878-5 035 $a000611863 035 $aUSA01000611863 035 $a(ALEPH)000611863USA01 035 $a000611863 100 $a20040427d2014----km-y0itay50------ba 101 0 $aita 102 $aIT 105 $aa|||||||101yy 200 1 $aPortella della Ginestra e il processo di Viterbo$epolitica, memoria e uso pubblico della storia (1947-2012)$fa cura di Sante Cruciani, Maria Paola Del Rossi, Manuela Claudiani$gprefazione di Maurizio Ridolfi 210 1 $aRoma$cEdiesse$d2014 215 $a334 p.$cill.$d21 cm$ecd-rom 300 $aTitolo cd-rom: Portella della Ginestra : un processo in mostra : mostra multimediale: politica, memoria, uso pubblico della storia (1947-2012) 606 0 $aStragi$xPortella della Ginestra$z1947$2BNCF 676 $a364.15230945823 702 1$aCRUCIANI,$bSante 702 1$aDEL ROSSI,$bMaria Paola 702 1$aCLAUDIANI,$bManuela 801 0$aIT$bsalbc$gISBD 912 $a990006118630203316 951 $aX.3.B. 7600$b247102 L.M.$cX.3.$d386916 959 $aBK 969 $aUMA 996 $aPortella della Ginestra e il processo di Viterbo$91384541 997 $aUNISA